El flautista de Hamelin : (Registro nro. 10054)
[ vista simple ]
| 000 -CABECERA | |
|---|---|
| Longitud fija campo de control | 01464nam a2200385 a 4500 |
| 003 - • IDENTIFICADOR DELl NÚMERO DE CONTROL | |
| Identificador del número de control | CO-ViMGA |
| 005 - • FECHA Y HORA DE LA ÚLTIMA TRANSACCIÓN | |
| Fecha y hora de la última transacción | 20230915223426.0 |
| 008 - • CÓDIGOS DE INFORMACIÓN DE LONGITUD FIJA | |
| Códigos de información de longitud fija | 141112s2004 ck r 000 u spa d |
| 017 ## - NÚMERO DE COPYRIGHT O DE DEPÓSITO LEGAL | |
| Número de copyright o de depósito legal | M 27073 - 2007 Oficina Depósito Legal Madrid |
| 020 ## - • NÚMERO INTERNACIONAL NORMALIZADO PARA LIBROS | |
| Número Internacional Normalizado para Libros (ISBN) | 9788441323988 |
| 040 ## - FUENTE DE LA CATALOGACIÓN | |
| Centro catalogador de origen | CO-ViMGA |
| Lengua de catalogación | spa |
| Centro transcriptor | CO-ViMGA |
| 080 ## - NÚMERO DE LA CLASIFICACIÓN DECIMAL UNIVERSAL | |
| Número de la Clasificación Decimal Universal | 087.5 : 82 |
| 082 04 - • NÚMERO DE LA CLASIFICACIÓN DECIMAL DEWEY | |
| Número de clasificación (R) | I808.831 G73f |
| 100 1# - • PUNTO DE ACCESO PRINCIPAL-NOMBRE DE PERSONA | |
| Nombre de persona | Molero i Lloret, Natalia 1959 - |
| 245 10 - • TITULO PROPIAMENTE DICHO | |
| Título | El flautista de Hamelin : |
| Resto del título | adaptación del cuento recopilado por los Hermanos Grimm ; [adaptación del cuento original, Natalia Molero ; ilustraciones, Cardona Estudio] |
| 300 ## - • DESCRIPCIÓN FÍSICA | |
| Extensión | 10, 16 p. : il. col. 20 cm |
| 490 0# - • MENCIÓN DE SERIE | |
| Mención de serie | Teatro - cuentos |
| 490 0# - • MENCIÓN DE SERIE | |
| Mención de serie | Teatro - cuentos |
| 505 ## - • NOTA DE CONTENIDO CON FORMATO | |
| Nota de contenido con formato | El flautista de Hamelin, el guión ; El flautista de Hamelin, el cuento ilustrado |
| 594 ## - | |
| -- | Adaptación de : Der rattenfänger von Hameln / Jacob y Wilhelm Grimm |
| 597 ## - | |
| -- | Textos contrapuestos |
| 650 14 - • PUNTO DE ACCESO ADICIONAL DE MATERIA - TÉRMINO DE MATERIA | |
| Término de materia o nombre geográfico como elemento inicial | Cuentos clásicos infantiles |
| 700 1# - • PUNTO DE ACCESO ADICIONAL - NOMBRE DE PERSONA | |
| Nombre de persona | Grimm, Jacob 1785 - 1863 Der rattenfanger von Hameln |
| 710 ## - • PUNTO DE ACCESO ADICIONAL - NOMBRE DE ENTIDAD | |
| Nombre de entidad o nombre de jurisdicción como elemento inicial | Cardona Estudio |
| 926 ## - | |
| -- | MONOMODERN |
| 942 ## - ENTRADA DE ELEMENTOS AGREGADOS (KOHA) | |
| Fuente de clasificaión o esquema | Dewey Decimal Classification |
| Koha [por defecto] tipo de item | LIbro |
| 956 ## - LOCALIZACIÓN Y ACCESO ELECTRÓNICO LOCAL (OCLC) | |
| Nombre de la fuente | 2 |
| 980 ## - EQUIVALENCIA O SECCIÓN-REFERENCIA-INFORME SERIES--NOMBRE / TÍTULO DE PERSONA [LOCAL, CANADA] | |
| Nombre personal | 017. M 27073 - 2007 020. 978 - 84 - 413 - 2398 - 8 (ISBN único) 852. 40 M - BN BNALCALA MO05256249 AHMo/298086 AH SG_PETANTI |
| Perdido | Fuente de clasificación o esquema | Estado Físico | No para préstamo | Forma de adquisición | Localización permanente | Localización actual | Fecha adquisición | Serie de enumeración / cronolog&íacute;a | Préstamos totales | Signatura completa | Código de barras | Fecha última consulta | Número de copia | Fecha del precio de reemplazo | Tipo de item de Koha |
|---|---|---|---|---|---|---|---|---|---|---|---|---|---|---|---|
| Dewey Decimal Classification | Sala General | Estacion de Lectura Apiay - Villavicencio | Estacion de Lectura Apiay - Villavicencio | 12/04/2015 | 17/feb/2015 | I808.831 G73f | 28226 | 12/04/2015 | Ej. 1 | 12/04/2015 | LIbro |